000 00680nam a2200157 a 4500
005 20260322212051.0
008 data
099 _aDVD WM 425.5.A7 I534
245 1 0 _aSucceeding on your own
260 _aWheeling, IL :
_bFilm Ideas, ;
_c2007.
300 _aDVD video 1 videodisc (ca. 20 min.) : sd., col. ;
_b4 3/4 in.
504 _aIncludes index.
520 3 _aMoney management is a essential life skill for success in adulthood. Student debt along with housing, clothing, food, insurance, automobile, savings and entertainment combine to put a serious strain on an income. Discusses the challenges of living within a budget and income.
650 0 _aFinance, Personal
001 data
999 _c1205
_d1205